[Event "8eme Open International de La Fere"]
[Site "La Fere (FRA)"]
[Date "2009.07.05"]
[Round "2.3"]
[White "Goldsztejn, Gildas"]
[Black "Nanu, Ciprian-Costica"]
[Result "1/2-1/2"]
[WhiteElo "2403"]
[BlackElo "2535"]
[PlyCount "200"]
[EventDate "2009.??.??"]

1. e4 c6 2. d4 d5 3. Nd2 dxe4 4. Nxe4 Nd7 5. Bc4 Ngf6 6. Ng5 Nd5 7. N1f3 e6 8.
O-O Be7 9. Bd3 h6 10. Ne4 Nb4 11. Be2 O-O 12. c4 c5 13. a3 Na6 14. Be3 cxd4 15.
Nxd4 Nc7 16. Qc2 f5 17. Nc3 f4 18. Bd2 e5 19. Nf3 Nc5 20. Nxe5 Bf5 21. Qd1 N7e6
22. b4 Bf6 23. Ng4 Bxc3 24. Bxc3 Ne4 25. Bb2 Qg5 26. Qd5 Rad8 27. Qe5 h5 28. h3
Nd2 29. Nh2 Nxf1 30. Bxf1 Qf6 31. Qe2 Nd4 32. Qxh5 f3 33. Re1 Bg6 34. Bxd4 Bxh5
35. Bxf6 Rxf6 36. Nxf3 Bxf3 37. gxf3 b6 38. Bg2 Rf4 39. Rc1 Rfd4 40. Bf1 Rd1
41. Rc3 R8d6 42. f4 Rg6+ 43. Rg3 Rf6 44. Rf3 Ra1 45. f5 g6 46. Rg3 Kf7 47.
fxg6+ Rxg6 48. Rxg6 Kxg6 49. b5 Rxa3 50. Kg2 Kg5 51. Be2 Rc3 52. Bf1 Kh4 53.
Be2 Kg5 54. Bf1 Kf4 55. Be2 Rc2 56. Bd3 Rc1 57. Be2 Rc3 58. Bf1 Ra3 59. Be2 a5
60. bxa6 Rxa6 61. Bf1 Ra2 62. Bd3 Ra8 63. Be2 Re8 64. Bf3 Re5 65. Bc6 Rg5+ 66.
Kf1 Rc5 67. Bb5 Kf3 68. Kg1 Ke2 69. Bd7 Ke1 70. f4 Rxc4 71. f5 Rc7 72. Be6 Rg7+
73. Kh2 Kf2 74. h4 Kf3 75. f6 Rg6 76. f7 Rf6 77. Kh3 Kf4 78. Bc4 Kf5 79. Kg3
Kg6 80. Kg4 Kg7 81. h5 Rc6 82. Bd5 Rd6 83. Bb3 Kf8 84. Kg5 Rd3 85. Be6 Rg3+ 86.
Kf6 Rf3+ 87. Kg6 Ke7 88. Bd5 Rg3+ 89. Kf5 Rd3 90. Bc4 Rc3 91. Ba2 Ra3 92. Bd5
Ra5 93. Ke5 b5 94. Kd4 b4 95. h6 Ra6 96. h7 Rh6 97. Kc4 Rh4+ 98. Kb3 Rxh7 99.
Kxb4 Rxf7 100. Bxf7 Kxf7 1/2-1/2

[Event "8eme Open International de La Fere"]
[Site "La Fere (FRA)"]
[Date "2009.07.05"]
[Round "2.4"]
[White "Riff, Jean-Noel"]
[Black "Pytel, Krzysztof"]
[Result "1-0"]
[WhiteElo "2505"]
[BlackElo "2383"]
[PlyCount "92"]
[EventDate "2009.??.??"]

1. e4 e5 2. Nf3 Nc6 3. Bb5 g6 4. d4 exd4 5. Bg5 Be7 6. Bxe7 Qxe7 7. Bxc6 dxc6
8. Qxd4 Nf6 9. Nc3 Bg4 10. Nd2 c5 11. Qe3 O-O-O 12. h3 Bd7 13. O-O-O Bc6 14.
Rhe1 b6 15. g4 Rd4 16. e5 Nd5 17. Nxd5 Rxd5 18. Nb1 Rxd1+ 19. Kxd1 h5 20. Nc3
hxg4 21. hxg4 Qd7+ 22. Kc1 Qxg4 23. e6 fxe6 24. Qxe6+ Qxe6 25. Rxe6 Be8 26. Rf6
Kd8 27. Kd2 Rh5 28. Rf3 Bd7 29. Rg3 Bf5 30. Nd1 Rh2 31. c3 Ke7 32. Rg1 Kf6 33.
Ke2 Rh4 34. Ne3 Be6 35. a3 a5 36. Rd1 b5 37. Rd8 c6 38. Rd6 Ke7 39. Rxc6 b4 40.
Rxc5 bxa3 41. Rxa5 axb2 42. Rb5 Kd6 43. Rxb2 Kc5 44. Rb7 Rf4 45. Re7 Kd6 46.
Rg7 Bf7 1-0

[Event "8eme Open International de La Fere"]
[Site "La Fere (FRA)"]
[Date "2009.07.05"]
[Round "2.5"]
[White "Schmidt, Raul"]
[Black "Gozzoli, Yannick"]
[Result "1/2-1/2"]
[WhiteElo "2377"]
[BlackElo "2498"]
[PlyCount "52"]
[EventDate "2009.??.??"]

1. Nf3 Nf6 2. c4 e6 3. Nc3 d5 4. e3 a6 5. b3 c5 6. Bb2 Nc6 7. d4 cxd4 8. exd4
Ne4 9. a3 Nxc3 10. Bxc3 Be7 11. c5 e5 12. Nxe5 Nxe5 13. dxe5 Bxc5 14. b4 Bb6
15. Bd4 Bf5 16. Be2 Be4 17. O-O Qg5 18. g3 Bxd4 19. Qxd4 O-O 20. f3 Bf5 21.
Rac1 Rac8 22. f4 Qg6 23. Rxc8 Rxc8 24. Qxd5 Qb6+ 25. Kh1 Qe3 26. Bf3 g6 1/2-1/2

[Event "8eme Open International de La Fere"]
[Site "La Fere (FRA)"]
[Date "2009.07.05"]
[Round "2.6"]
[White "Wirig, Anthony"]
[Black "Piankov, Evgenij"]
[Result "1-0"]
[WhiteElo "2491"]
[BlackElo "2356"]
[PlyCount "47"]
[EventDate "2009.??.??"]

1. d4 d5 2. Nf3 c6 3. c4 e6 4. Nc3 f5 5. Bf4 Nf6 6. e3 Be7 7. Bd3 O-O 8. Qc2
Ne4 9. g4 Nd7 10. gxf5 exf5 11. cxd5 Nxc3 12. bxc3 cxd5 13. Bxf5 Nf6 14. Ng5
Bd6 15. Be5 Bxe5 16. dxe5 Ne4 17. Bxh7+ Kh8 18. Nxe4 dxe4 19. Qxe4 Be6 20. Rd1
Qg5 21. h4 Qh6 22. Rd6 Rad8 23. Bg6 Bxa2 24. Rg1 1-0

[Event "8eme Open International de La Fere"]
[Site "La Fere (FRA)"]
[Date "2009.07.05"]
[Round "2.7"]
[White "Bannink, Bernard"]
[Black "Manolache, Marius"]
[Result "0-1"]
[WhiteElo "2277"]
[BlackElo "2479"]
[PlyCount "80"]
[EventDate "2009.??.??"]

1. d4 d6 2. e4 Nf6 3. Nc3 g6 4. Be3 a6 5. Nf3 Bg7 6. Qd2 b5 7. Bd3 O-O 8. Bh6
c5 9. Bxg7 Kxg7 10. dxc5 dxc5 11. e5 Ng8 12. Qe3 Bb7 13. Qxc5 Bxf3 14. gxf3 Nd7
15. Qe3 Qa5 16. f4 Rac8 17. O-O Nb6 18. Ne2 Nd5 19. Qf3 Nb4 20. c3 Nxd3 21.
Qxd3 Rfd8 22. Qe3 b4 23. Rfc1 Nh6 24. Nd4 Qd5 25. Rd1 bxc3 26. bxc3 Qc4 27. Qd3
Qa4 28. Rd2 Nf5 29. Nxf5+ gxf5 30. Qxf5 Rb8 31. Rxd8 Rxd8 32. f3 Qc6 33. Rf1
Qc4 34. Rf2 Qxc3 35. Qb1 Qe3 36. Qe4 Rg8 37. Kf1 Qc1+ 38. Ke2 Rd8 39. f5 Rd2+
40. Ke3 Rd1+ 0-1

[Event "8eme Open International de La Fere"]
[Site "La Fere (FRA)"]
[Date "2009.07.05"]
[Round "2.8"]
[White "Genov, Petar"]
[Black "Sandu, Mihaela"]
[Result "1-0"]
[WhiteElo "2478"]
[BlackElo "2312"]
[PlyCount "123"]
[EventDate "2009.??.??"]

1. c4 Nf6 2. Nc3 g6 3. d4 Bg7 4. e4 d6 5. Bd3 O-O 6. Nge2 c5 7. d5 e6 8. O-O a6
9. a4 exd5 10. exd5 Ng4 11. Bc2 Nd7 12. h3 Nh6 13. b3 f5 14. f4 Rb8 15. Rb1 Re8
16. Bd2 Nf6 17. Bd3 Ne4 18. Be1 g5 19. Qc2 g4 20. Kh2 Qf6 21. Rc1 Qg6 22. Ng3
Nxg3 23. Bxg3 Kh8 24. Ne2 Qh5 25. h4 Ng8 26. Rce1 Bd7 27. Nc1 Nf6 28. Rxe8+
Rxe8 29. Re1 Rxe1 30. Bxe1 g3+ 31. Bxg3 Ng4+ 32. Kh3 Bd4 33. Be2 Qe8 34. Bxg4
fxg4+ 35. Kh2 Qe3 36. Ne2 Bf6 37. f5 Qe7 38. Nf4 Bxh4 39. Ne6 Bf6 40. Qd2 b5
41. axb5 axb5 42. Qf4 bxc4 43. bxc4 Bxe6 44. dxe6 Qg7 45. Qe3 Be7 46. Be1 Bf6
47. g3 Kg8 48. Bf2 Kf8 49. Qe4 Qh6+ 50. Kg1 Qc1+ 51. Kg2 Qd1 52. Qa8+ Kg7 53.
Qb7+ Kh6 54. Qe4 Kg7 55. e7 Qf3+ 56. Qxf3 gxf3+ 57. Kxf3 Kf7 58. g4 Kxe7 59.
Ke4 Bg5 60. Bg3 Kd7 61. Kd5 Be7 62. Bf4 1-0

[Event "8eme Open International de La Fere"]
[Site "La Fere (FRA)"]
[Date "2009.07.05"]
[Round "2.9"]
[White "Mulder, Bart-Piet"]
[Black "Marzolo, Cyril"]
[Result "1-0"]
[WhiteElo "2212"]
[BlackElo "2443"]
[PlyCount "47"]
[EventDate "2009.??.??"]

1. Nf3 Nf6 2. g3 g6 3. Bg2 Bg7 4. O-O O-O 5. d4 d6 6. c4 Nbd7 7. Nc3 e5 8. e4
exd4 9. Nxd4 Re8 10. h3 a6 11. Be3 Rb8 12. Qc2 c5 13. Nde2 b5 14. cxb5 axb5 15.
a4 bxa4 16. Rxa4 Nb6 17. Ra7 Nc4 18. Bg5 Rxb2 19. Qc1 Be6 20. Nf4 Qb8 21. Bxf6
Qxa7 22. Nh5 Bf8 23. Nd5 Rd2 24. Bc3 1-0

[Event "8eme Open International de La Fere"]
[Site "La Fere (FRA)"]
[Date "2009.07.05"]
[Round "2.10"]
[White "Genova, Lyubka"]
[Black "Forthofer, Robert"]
[Result "1-0"]
[WhiteElo "2209"]
[BlackElo "2263"]
[PlyCount "131"]
[EventDate "2009.??.??"]

1. e4 e5 2. Nc3 Nc6 3. g3 Bc5 4. Bg2 d6 5. Na4 Be6 6. d3 Qd7 7. Nxc5 dxc5 8. b3
Nge7 9. Be3 b6 10. h3 O-O-O 11. Qd2 Nd4 12. f4 exf4 13. gxf4 f5 14. c3 Nb5 15.
O-O-O fxe4 16. c4 exd3 17. cxb5 Qxb5 18. Nf3 Nc6 19. Ng5 Bd5 20. Bxd5 Rxd5 21.
Ne4 Rd7 22. Nc3 Qb4 23. Nb1 Qb5 24. Nc3 Qb4 25. Nb1 Qb5 26. Na3 Qa6 27. Kb2 Nb4
28. Rhe1 Re8 29. Bf2 Rde7 30. Rxe7 Rxe7 31. Be3 g6 32. Re1 Re8 33. h4 h5 34.
Rc1 Re6 35. Re1 Re8 36. Rc1 Re4 37. Rc4 Re6 38. Rc1 Qa5 39. Re1 b5 40. Bxc5
Qxa3+ 41. Kxa3 Nc2+ 42. Qxc2 dxc2 43. Rc1 Re4 44. Rxc2 Rxf4 45. Be7 Kd7 46. Bg5
Rg4 47. Rf2 a5 48. Kb2 c5 49. Rf6 Rg2+ 50. Kb1 Rg1+ 51. Kc2 Rg2+ 52. Bd2 a4 53.
bxa4 bxa4 54. Ra6 Rg4 55. Bg5 Rg2+ 56. Kb1 a3 57. Rxa3 Kc6 58. Rd3 Kb5 59. Rd2
Rg4 60. Rc2 c4 61. Kb2 Kb4 62. Be7+ Ka4 63. Re2 Rf4 64. Kc3 Kb5 65. Re5+ Kb6
66. a4 1-0

[Event "8eme Open International de La Fere"]
[Site "La Fere (FRA)"]
[Date "2009.07.05"]
[Round "2.12"]
[White "Houriez, Clement"]
[Black "Videnova, Iva"]
[Result "1/2-1/2"]
[WhiteElo "2314"]
[BlackElo "2197"]
[PlyCount "137"]
[EventDate "2009.??.??"]

1. d4 Nf6 2. c4 e6 3. Nc3 Bb4 4. Qc2 d5 5. cxd5 exd5 6. Bg5 h6 7. Bh4 g5 8. Bg3
c5 9. dxc5 Ne4 10. e3 Qa5 11. Nge2 Bf5 12. Be5 O-O 13. Nd4 Re8 14. Nb3 Qd8 15.
Bxb8 Nxc3 16. Qxf5 Ne4+ 17. Kd1 Qxb8 18. Bd3 Re5 19. Qf3 Qc8 20. Rf1 Bxc5 21.
Rc1 b6 22. Rc2 Qe8 23. Kc1 a5 24. Bxe4 dxe4 25. Qe2 Qe7 26. Kb1 a4 27. Nxc5
Rxc5 28. Rxc5 Qxc5 29. h4 Rc8 30. hxg5 hxg5 31. Qd2 Qb5 32. Rh1 a3 33. Qd4 f6
34. Qxf6 Qd3+ 35. Ka1 axb2+ 36. Qxb2 Qc3 37. Qxc3 Rxc3 38. Rh5 Rc5 39. Kb2 Kg7
40. Rh1 Rf5 41. Rf1 g4 42. g3 Kf6 43. Kc3 Ra5 44. Kd4 Ra4+ 45. Kd5 Kf5 46. Ra1
Rb4 47. Rh1 Rb2 48. Rh8 Rd2+ 49. Kc6 Rxa2 50. Kxb6 Ke5 51. Rf8 Kd5 52. Rf4 Rc2
53. Rf6 Ke5 54. Rf8 Kd5 55. Rf4 Ke5 56. Kb5 Kd5 57. Kb4 Ke5 58. Kb3 Rd2 59. Kc3
Ra2 60. Rf8 Re2 61. Ra8 Kd5 62. Rg8 Rxf2 63. Rxg4 Ra2 64. Rg6 Ra3+ 65. Kd2 Ra2+
66. Ke1 Ra1+ 67. Kf2 Ra2+ 68. Kf1 Ra3 69. Kf2 1/2-1/2

[Event "8eme Open International de La Fere"]
[Site "La Fere (FRA)"]
[Date "2009.07.05"]
[Round "2.13"]
[White "Eggink, Gerhard"]
[Black "Demanghon, Jonathan"]
[Result "0-1"]
[WhiteElo "1979"]
[BlackElo "2211"]
[PlyCount "48"]
[EventDate "2009.??.??"]

1. d4 d5 2. c4 c6 3. Nc3 Nf6 4. Bg5 dxc4 5. e3 b5 6. Bxf6 exf6 7. a3 Be7 8. g3
O-O 9. Bg2 a6 10. Nge2 Bb7 11. O-O Nd7 12. Qc2 Qc7 13. Rad1 Rad8 14. f4 Nb6 15.
e4 c5 16. d5 b4 17. Nb1 f5 18. g4 fxe4 19. Bxe4 Nxd5 20. Bxh7+ Kh8 21. Rf3 Nf6
22. Rh3 Rxd1+ 23. Kf2 Nxg4+ 24. Kg3 Nh6 0-1

[Event "8eme Open International de La Fere"]
[Site "La Fere (FRA)"]
[Date "2009.07.05"]
[Round "2.14"]
[White "Feryn, Benjamin"]
[Black "Delorme, Laurie"]
[Result "0-1"]
[WhiteElo "1954"]
[BlackElo "2152"]
[PlyCount "64"]
[EventDate "2009.??.??"]

1. e4 c5 2. Nf3 Nc6 3. d4 cxd4 4. Nxd4 e5 5. Nb5 d6 6. N1c3 a6 7. Na3 b5 8. Nd5
Nge7 9. c3 Nxd5 10. Qxd5 Bb7 11. Be2 Be7 12. O-O O-O 13. Qd3 Nb8 14. Nc2 Nd7
15. Be3 Nf6 16. Bf3 h6 17. Rac1 Rc8 18. Nb4 Qc7 19. b3 Qb8 20. c4 bxc4 21. Rxc4
a5 22. Nd5 Nxd5 23. exd5 Ba6 24. Rxc8 Qxc8 25. Qd2 Bxf1 26. Kxf1 Qf5 27. Qxa5
Qb1+ 28. Ke2 e4 29. Bg4 Qd3+ 30. Ke1 Bf6 31. Bd2 Bd4 32. Qc7 Bxf2+ 0-1

[Event "8eme Open International de La Fere"]
[Site "La Fere (FRA)"]
[Date "2009.07.05"]
[Round "2.15"]
[White "Tillet, Louis-Juan"]
[Black "Soveaux, Jean"]
[Result "0-1"]
[WhiteElo "2190"]
[BlackElo "1947"]
[PlyCount "95"]
[EventDate "2009.??.??"]

1. e4 e5 2. Nf3 Nc6 3. Nc3 Nf6 4. d4 exd4 5. Nxd4 d6 6. Nxc6 bxc6 7. Bd3 Be7 8.
O-O h6 9. h3 Nd7 10. f4 Nc5 11. Be2 Bf6 12. Bf3 Bd7 13. e5 dxe5 14. fxe5 Be7
15. b4 Ne6 16. b5 Bc5+ 17. Kh1 O-O 18. Ne2 Rb8 19. bxc6 Bc8 20. Qe1 Kh8 21. Qc3
Qe7 22. Be3 Bb6 23. Rad1 Ng5 24. Bd5 Ba6 25. Rf2 Rbd8 26. Bxb6 axb6 27. Ng3 Bc8
28. Qd4 Be6 29. c4 Qa3 30. Rd3 Qa4 31. h4 Bxd5 32. cxd5 Qxd4 33. Rxd4 Ne6 34.
Rd1 Nc5 35. Rfd2 f5 36. d6 Rc8 37. d7 Rcd8 38. Re2 f4 39. Ne4 Ne6 40. Nd2 Rf5
41. Nf3 g5 42. hxg5 hxg5 43. Nd4 Nxd4 44. Rxd4 g4 45. e6 Rc5 46. e7 Rc1+ 47.
Kh2 g3+ 48. Kh3 0-1

[Event "8eme Open International de La Fere"]
[Site "La Fere (FRA)"]
[Date "2009.07.05"]
[Round "2.16"]
[White "Noiroux, Kevin"]
[Black "Hoelting, Siegfried"]
[Result "1-0"]
[WhiteElo "2145"]
[BlackElo "1920"]
[PlyCount "65"]
[EventDate "2009.??.??"]

1. d4 d5 2. Nf3 e6 3. Bf4 Nf6 4. e3 c5 5. c3 Nc6 6. Nbd2 cxd4 7. exd4 Bd6 8.
Bg5 h6 9. Bh4 Be7 10. Bd3 Qc7 11. O-O O-O 12. Re1 Ne8 13. Bg3 Bd6 14. Ne5 Ne7
15. c4 Nf5 16. c5 Bxe5 17. Bxe5 Qc6 18. Qe2 Bd7 19. g4 f6 20. gxf5 fxe5 21.
dxe5 Qxc5 22. f6 gxf6 23. Kh1 Ng7 24. Rg1 f5 25. Qh5 Rf7 26. Qxh6 Qxf2 27. Rg2
Qc5 28. Rag1 Qe7 29. Nf3 d4 30. Ng5 Qxg5 31. Rxg5 Bc6+ 32. R1g2 Rc8 33. Rxg7+
1-0

[Event "8eme Open International de La Fere"]
[Site "La Fere (FRA)"]
[Date "2009.07.05"]
[Round "2.18"]
[White "Broekman, Willem"]
[Black "Molet, Asher"]
[Result "1-0"]
[WhiteElo "2129"]
[BlackElo "1900"]
[PlyCount "47"]
[EventDate "2009.??.??"]

1. d4 d5 2. c4 e6 3. Nc3 Be7 4. cxd5 exd5 5. Nf3 Nf6 6. Bg5 Nbd7 7. e3 O-O 8.
Bd3 Re8 9. Qc2 Nf8 10. Rb1 a5 11. a3 Ng6 12. O-O c6 13. Rbc1 Ne4 14. Bxe7 Qxe7
15. b4 axb4 16. axb4 Bg4 17. Ne1 Nxc3 18. Qxc3 Qg5 19. Qc2 Qh4 20. g3 Qh5 21.
b5 Re6 22. bxc6 Rxc6 23. Qb2 Rxc1 24. Qxc1 1-0

[Event "8eme Open International de La Fere"]
[Site "La Fere (FRA)"]
[Date "2009.07.05"]
[Round "2.19"]
[White "Louis, Andre"]
[Black "Gozzoli, Cyrille"]
[Result "1-0"]
[WhiteElo "1862"]
[BlackElo "2125"]
[PlyCount "55"]
[EventDate "2009.??.??"]

1. e4 d5 2. exd5 Qxd5 3. Nc3 Qa5 4. d4 c6 5. Nf3 Nf6 6. Bd3 Bg4 7. O-O e6 8.
Bf4 Nbd7 9. Ne4 Nxe4 10. Bxe4 Nf6 11. Bd3 Qb6 12. Be2 Be7 13. Rb1 O-O 14. h3
Bh5 15. g4 Bg6 16. Ne5 Rad8 17. Nxg6 hxg6 18. c3 Rfe8 19. Qc2 Nd5 20. Bg3 Bf6
21. Bd3 e5 22. dxe5 Bxe5 23. Bxe5 Rxe5 24. Rfe1 Ne3 25. Qd2 Nc4 26. Qc2 Rxe1+
27. Rxe1 Nxb2 28. Bf1 1-0

[Event "8eme Open International de La Fere"]
[Site "La Fere (FRA)"]
[Date "2009.07.05"]
[Round "2.20"]
[White "Noordhoek, Henk"]
[Black "Daniel, Antoine"]
[Result "1-0"]
[WhiteElo "2080"]
[BlackElo "1835"]
[PlyCount "95"]
[EventDate "2009.??.??"]

1. Nf3 Nf6 2. g3 d6 3. d4 g6 4. Bg2 Bg7 5. c4 Nbd7 6. O-O c6 7. Nc3 O-O 8. a4
Qc7 9. e4 e5 10. d5 Nc5 11. Ne1 a5 12. Nd3 Nfd7 13. Be3 Nxd3 14. Qxd3 Nc5 15.
Qc2 Na6 16. Rad1 Nb4 17. Qd2 c5 18. h3 Qe7 19. Kh2 Bd7 20. b3 Na6 21. Ne2 Nc7
22. Bxc5 dxc5 23. d6 Qe6 24. dxc7 Bc6 25. Nc3 Rfc8 26. Nd5 Bxd5 27. Qxd5 Qxd5
28. Rxd5 Rxc7 29. Rfd1 b6 30. h4 Raa7 31. Bh3 Rab7 32. Rd8+ Bf8 33. Re8 Re7 34.
Rdd8 Rxe8 35. Rxe8 f6 36. Be6+ Kg7 37. Bd5 Rd7 38. Rb8 Rd6 39. Rb7+ Kh6 40. Kh3
Bg7 41. g4 g5 42. h5 Bf8 43. Kg2 Bg7 44. Rb8 Rd7 45. Rxb6 Ra7 46. Rc6 Rb7 47.
Rxc5 Rxb3 48. Rxa5 1-0

[Event "8eme Open International de La Fere"]
[Site "La Fere (FRA)"]
[Date "2009.07.05"]
[Round "2.21"]
[White "Casier, Fabrice"]
[Black "Thomas, Olivier"]
[Result "0-1"]
[WhiteElo "1820"]
[BlackElo "2068"]
[PlyCount "72"]
[EventDate "2009.??.??"]

1. c4 Nf6 2. Nc3 g6 3. g3 Bg7 4. Bg2 O-O 5. Nf3 d6 6. O-O Nc6 7. d3 e5 8. Rb1
h6 9. b4 Be6 10. Nd2 Qd7 11. Re1 Bh3 12. Bh1 Nh5 13. b5 Nd8 14. Ba3 f5 15. c5
Re8 16. cxd6 cxd6 17. Qb3+ Kh7 18. Nd5 Ne6 19. e3 Rac8 20. Rec1 Nc5 21. Bxc5
dxc5 22. b6 a6 23. Nc7 Red8 24. Bxb7 Rb8 25. Bd5 f4 26. e4 fxg3 27. hxg3 Nf4
28. Rxc5 Qg4 29. Qd1 Ne2+ 30. Kh2 Qh5 31. Nf3 Bg4+ 32. Nh4 Nxg3 33. Qxg4 Qxg4
34. fxg3 Rf8 35. Nxa6 Rf2+ 36. Ng2 Qf3 0-1

[Event "8eme Open International de La Fere"]
[Site "La Fere (FRA)"]
[Date "2009.07.05"]
[Round "2.22"]
[White "Dumas, Victor"]
[Black "Mataigne, Jean-Michel"]
[Result "0-1"]
[WhiteElo "1806"]
[BlackElo "2053"]
[PlyCount "92"]
[EventDate "2009.??.??"]

1. e4 d6 2. d4 Nf6 3. Nc3 g6 4. f4 Bg7 5. Nf3 O-O 6. Bd3 Nc6 7. O-O e5 8. fxe5
dxe5 9. d5 Nd4 10. Bg5 Bg4 11. Qe1 Bxf3 12. gxf3 Qd7 13. Ne2 Nxe2+ 14. Bxe2 Nh5
15. Qb4 Nf4 16. Bxf4 exf4 17. Kh1 a5 18. Qb3 a4 19. Qa3 Qd6 20. Qxd6 cxd6 21.
Rab1 Rfc8 22. Bd3 Be5 23. Kg2 a3 24. b3 Rc3 25. Rf2 Rac8 26. Re2 b5 27. Rf1 b4
28. Rd1 R3c5 29. Bc4 Kg7 30. Kh3 g5 31. Kg2 Kg6 32. h3 h5 33. Rh1 Kf6 34. Kf1
Bd4 35. Rg2 Rg8 36. Ke2 Ke5 37. Bd3 Rc3 38. Kd1 f6 39. Re1 Be3 40. Rh1 Rgc8 41.
Rhh2 Rxd3+ 42. cxd3 Rc1+ 43. Ke2 Ra1 44. h4 Rxa2+ 45. Kd1 Ra1+ 46. Kc2 Rc1# 0-1

[Event "8eme Open International de La Fere"]
[Site "La Fere (FRA)"]
[Date "2009.07.05"]
[Round "2.23"]
[White "Husson, Cybele"]
[Black "Rigolot, Lucie"]
[Result "1-0"]
[WhiteElo "2037"]
[BlackElo "1806"]
[PlyCount "51"]
[EventDate "2009.??.??"]

1. e4 c5 2. Nc3 a6 3. g3 b5 4. Bg2 Bb7 5. d3 d6 6. f4 Nc6 7. Nf3 e6 8. O-O Qc7
9. f5 b4 10. fxe6 bxc3 11. exf7+ Qxf7 12. Ng5 Qe7 13. Nf7 Qxf7 14. Rxf7 Kxf7
15. Qh5+ Ke7 16. Bg5+ Nf6 17. bxc3 g6 18. Bxf6+ Kxf6 19. Qf3+ Ke7 20. Rf1 Kd7
21. e5 Re8 22. Rb1 Ba8 23. Qf7+ Be7 24. Bh3+ Kc7 25. exd6+ Kd8 26. Qe6 1-0

[Event "8eme Open International de La Fere"]
[Site "La Fere (FRA)"]
[Date "2009.07.05"]
[Round "2.25"]
[White "Cozette, Michael"]
[Black "Belloc, Sidonie"]
[Result "1/2-1/2"]
[WhiteElo "2020"]
[BlackElo "1792"]
[PlyCount "85"]
[EventDate "2009.??.??"]

1. e4 e6 2. d4 d5 3. exd5 exd5 4. c4 Nf6 5. Nf3 Be7 6. Be2 O-O 7. O-O b6 8. Ne5
Bb7 9. Bf3 Qc8 10. Re1 dxc4 11. Nc3 Bxf3 12. Qxf3 Nbd7 13. Nxc4 Re8 14. Bf4 Bb4
15. Qc6 Nf8 16. Be5 Qe6 17. Qb5 Bxc3 18. bxc3 Nd5 19. Rec1 f6 20. Bg3 Nxc3 21.
d5 Qe4 22. Qb2 Ne2+ 23. Kh1 Nxc1 24. Qxc1 Qxd5 25. Bxc7 Qd4 26. Nd6 Re2 27. Nf5
Qc5 28. Qxc5 bxc5 29. Kg1 Rc8 30. Kf1 Re6 31. Bd6 Kf7 32. Bf4 Rd8 33. g4 Re4
34. Nd6+ Rxd6 35. Bxd6 Rxg4 36. Bxc5 a6 37. Rb1 Nd7 38. Rb7 Ke6 39. Bb4 Rc4 40.
a3 g6 41. Ra7 Rc6 42. Ra8 Kf7 43. Ra7 1/2-1/2

[Event "8eme Open International de La Fere"]
[Site "La Fere (FRA)"]
[Date "2009.07.05"]
[Round "2.26"]
[White "Obert, Julien"]
[Black "Nepveu, Manuel"]
[Result "1/2-1/2"]
[WhiteElo "1790"]
[BlackElo "2015"]
[PlyCount "49"]
[EventDate "2009.??.??"]

1. e4 e6 2. d4 d5 3. exd5 exd5 4. Bd3 Bd6 5. Ne2 Qh4 6. Nd2 Bg4 7. c3 c6 8. Qb3
b6 9. Qc2 Ne7 10. Nf1 Ng6 11. Nfg3 Nd7 12. Be3 O-O 13. Qd2 Qe7 14. O-O Rfe8 15.
Rfe1 h6 16. Nf5 Bxf5 17. Bxf5 Nh4 18. Bc2 Nf8 19. Ng3 Qd7 20. Bf4 Qc7 21. Bxd6
Qxd6 22. Nf5 Nxf5 23. Bxf5 Ng6 24. g3 Nf8 25. Re3 1/2-1/2

[Event "8eme Open International de La Fere"]
[Site "La Fere (FRA)"]
[Date "2009.07.05"]
[Round "2.27"]
[White "Neumair, Jerome"]
[Black "Rouffignac, Tanguy"]
[Result "1/2-1/2"]
[WhiteElo "2007"]
[BlackElo "1740"]
[PlyCount "140"]
[EventDate "2009.??.??"]

1. d4 Nf6 2. c4 g6 3. Nc3 Bg7 4. e4 d6 5. f4 O-O 6. Nf3 c5 7. d5 Na6 8. Bd3 Nc7
9. O-O a6 10. a4 Bd7 11. e5 Nfe8 12. Be3 b6 13. h3 Qc8 14. Qe2 Bf5 15. Ne4 Bxe4
16. Bxe4 f6 17. e6 f5 18. Bd3 b5 19. axb5 axb5 20. Rxa8 Qxa8 21. b3 bxc4 22.
bxc4 Nf6 23. Nd2 Rb8 24. g4 fxg4 25. hxg4 Rb4 26. f5 Ncxd5 27. Qf3 Nc7 28.
Qxa8+ Nxa8 29. fxg6 hxg6 30. Bxg6 Nxg4 31. Bg5 Bd4+ 32. Kh1 Bf6 33. Bxf6 Nxf6
34. Rxf6 exf6 35. e7 Nc7 36. e8=Q+ Nxe8 37. Bxe8 Kf8 38. Bc6 Ke7 39. Kg1 Ke6
40. Kf2 Ke5 41. Ke3 Rb6 42. Nf3+ Ke6 43. Bd5+ Kf5 44. Be4+ Ke6 45. Kf4 Rb2 46.
Bd5+ Ke7 47. Nh4 Rf2+ 48. Kg4 Rf1 49. Nf5+ Kd7 50. Ne3 Rf2 51. Kh5 f5 52. Kg5
f4 53. Ng4 Rf1 54. Kf5 Ke7 55. Nh2 Rf2 56. Nf3 Re2 57. Kxf4 Kf6 58. Be4 Ra2 59.
Bd3 Ra7 60. Ke4 Ke6 61. Bf1 Ra3 62. Bh3+ Kf6 63. Bg4 Rc3 64. Nd2 Rc2 65. Kd3
Ra2 66. Bc8 Ke5 67. Nb1 Rb2 68. Nc3 Rb3 69. Ba6 Rxc3+ 70. Kxc3 d5 1/2-1/2

[Event "8eme Open International de La Fere"]
[Site "La Fere (FRA)"]
[Date "2009.07.05"]
[Round "2.28"]
[White "Wolfangel, Claude"]
[Black "Waquet, Frederic"]
[Result "0-1"]
[WhiteElo "1757"]
[BlackElo "2005"]
[PlyCount "60"]
[EventDate "2009.??.??"]

1. d4 Nf6 2. Nf3 c5 3. d5 b5 4. c4 Bb7 5. Nc3 b4 6. Na4 e6 7. Bg5 exd5 8. cxd5
h6 9. Bxf6 Qxf6 10. e4 Qf4 11. Nd2 Be7 12. Rc1 d6 13. Bb5+ Nd7 14. g3 Qf6 15.
Qg4 Rd8 16. O-O Bc8 17. a3 bxa3 18. bxa3 O-O 19. Qe2 Ne5 20. Kg2 Qg6 21. f3 Qh5
22. g4 Qg6 23. h3 Bh4 24. Nb2 f5 25. Nd3 fxg4 26. hxg4 Nxg4 27. Rg1 Nf2+ 28.
Kh2 Qh5 29. Rg2 Nxd3 30. Bxd3 Bf2# 0-1

[Event "8eme Open International de La Fere"]
[Site "La Fere (FRA)"]
[Date "2009.07.05"]
[Round "2.30"]
[White "Derigny, Philippe"]
[Black "Lever, Erwan"]
[Result "1-0"]
[WhiteElo "1993"]
[BlackElo "1601"]
[PlyCount "87"]
[EventDate "2009.??.??"]

1. e4 c5 2. c3 d6 3. d4 cxd4 4. cxd4 Nf6 5. Nc3 g6 6. h3 Bg7 7. Nf3 a6 8. Be2
b5 9. a3 Bb7 10. d5 Nbd7 11. Be3 Rc8 12. O-O O-O 13. Rc1 Nc5 14. Nd2 Rc7 15. b4
Ncd7 16. Qb3 Qc8 17. Ndb1 Ne5 18. Bb6 Rd7 19. Nd2 Bh6 20. f4 Ne8 21. g4 Nc4 22.
Bxc4 bxc4 23. Nxc4 Nc7 24. Na5 Na8 25. Na4 Qb8 26. Be3 Rc8 27. g5 Bg7 28. Rxc8+
Qxc8 29. Rc1 Rc7 30. Rxc7 Qxc7 31. Nxb7 Qxb7 32. Qc4 Nc7 33. Nb6 Nb5 34. a4 Nc7
35. Qc6 Qa7 36. Kf2 Qb8 37. Qd7 Kf8 38. Qxd6 exd6 39. Nd7+ Ke7 40. Nxb8 Bc3 41.
Bb6 Na8 42. Ba5 Bd4+ 43. Ke2 Nb6 44. Nc6+ 1-0

[Event "8eme Open International de La Fere"]
[Site "La Fere (FRA)"]
[Date "2009.07.05"]
[Round "2.31"]
[White "Durot, Edwige"]
[Black "Deneuville, Ludovic"]
[Result "1/2-1/2"]
[WhiteElo "1741"]
[BlackElo "1984"]
[PlyCount "80"]
[EventDate "2009.??.??"]

1. e4 d6 2. d4 Nf6 3. Nc3 e5 4. dxe5 dxe5 5. Qxd8+ Kxd8 6. Nf3 Bd6 7. Bc4 Ke7
8. Bg5 c6 9. O-O-O Bc7 10. Bh4 Bg4 11. Rd3 Bxf3 12. Rxf3 Nbd7 13. Rd1 h6 14.
Bxf7 g5 15. Bg3 Nc5 16. Bg6 Ne6 17. Ne2 Rad8 18. Rfd3 Ng7 19. Rxd8 Rxd8 20.
Rxd8 Kxd8 21. f3 Nd7 22. Bf2 b6 23. Ng3 Ke7 24. Nf5+ Nxf5 25. Bxf5 Nf6 26. Kd2
Ne8 27. Bc8 Nd6 28. Bg4 Nb5 29. Kd3 Bd6 30. Bc8 Nc7 31. Kc4 Kd8 32. Bf5 Na6 33.
c3 Nc5 34. Bxc5 Bxc5 35. a4 Bg1 36. h3 Kc7 37. b4 Kd6 38. Bc8 Bf2 39. Bf5 Bg3
40. Kd3 Ke7 1/2-1/2